Riadiaca práca riaditeľa strednej odbornej školy záverečná práca postgraduálneho štúdia

Gespeichert in:
Bibliographische Detailangaben
1. Verfasser: Gottschal, Vladimír
Körperschaft: Vysoká škola ekonomická v Bratislave
Weitere Verfasser: Bartko, Ondrej
Format: Buch
Sprache:Slowakisch
Veröffentlicht: Bratislava 1987
Tags: Tag hinzufügen
Keine Tags, Fügen Sie das erste Tag hinzu!

MARC

LEADER 00000nam a2200000 4500
001 c033611
005 20221219095117.3
041 0 |a slo 
044 |a SK 
245 1 0 |a Riadiaca práca riaditeľa strednej odbornej školy  |b záverečná práca postgraduálneho štúdia  |c Vladimír Gottschal ; Ved. práce Ondrej Bartko 
264 1 |a Bratislava  |c 1987 
300 |a 36 s. 
100 1 |a Gottschal, Vladimír 
700 1 |a Bartko, Ondrej 
710 2 |a Vysoká škola ekonomická v Bratislave